[Event "Winnipeg op"]
[Site "Winnipeg CAN"]
[Date "2017.06.13"]
[Round "2"]
[White "Piche, Zachary"]
[Black "Goodman, Clifford"]
[Result "0-1"]
[WhiteElo "1456"]
[BlackElo "1667"]
[WhiteFideId "-1"]
[WhiteFideId "-1"]
[PlyCount "116"]
[GameId "2160767908411245"]
[EventDate "2017.06.06"]
[EventType "swiss"]
[EventRounds "8"]
[EventCountry "CAN"]
[SourceTitle "EXT 2022"]
[Source "ChessBase"]
[SourceDate "2021.10.06"]
[SourceVersion "1"]
[SourceVersionDate "2021.10.06"]
[SourceQuality "1"]

1. Nf3 c5 2. g3 b6 3. Bg2 Bb7 4. O-O Nf6 5. d4 cxd4 6. Nxd4 Bxg2 7. Kxg2 Nc6 8. c4 Nxd4 9. Qxd4 g6 10. Nc3 Bg7 11. Qd3 O-O 12. Bf4 d6 13. Qe3 Qd7 14. Bh6 Ng4 15. Qf3 Nxh6 16. Rfd1 Rac8 17. Rac1 Rxc4 18. Rc2 Qc6 19. Qxc6 Rxc6 20. Rdc1 Rfc8 21. Kf1 Nf5 22. e3 a5 23. Ke2 b5 24. Kd2 Bxc3+ 25. bxc3 Rc4 26. Kd3 e5 27. f3 d5 28. e4 dxe4+ 29. fxe4 Rd8+ 30. Ke2 Rxe4+ 31. Kf3 Re3+ 32. Kf2 Red3 33. Ke2 e4 34. Ke1 e3 35. Re2 Rd2 36. Kf1 Rd1+ 37. Rxd1 Rxd1+ 38. Kg2 Rd2 39. Kf1 Rxe2 40. Kxe2 h5 41. Kf3 g5 42. Ke2 g4 43. Ke1 Kg7 44. Ke2 Kf6 45. Kd3 Ke5 46. Ke2 Ke4 47. Ke1 Kf3 48. Kf1 e2+ 49. Ke1 Ne3 50. Kd2 Kf2 51. Kd3 e1=Q 52. Kd4 Qa1 53. Kd3 Qxa2 54. Kd4 Qc4+ 55. Ke5 Qd5+ 56. Kf6 Qe6+ 57. Kg5 Qg6+ 58. Kh4 Nf5# 0-1

[Event "Winnipeg op"]
[Site "Winnipeg CAN"]
[Date "2017.06.13"]
[Round "2"]
[White "Prince, Colin"]
[Black "Magyar, Peter"]
[Result "1-0"]
[WhiteElo "1863"]
[BlackElo "1559"]
[WhiteFideId "-1"]
[WhiteFideId "-1"]
[PlyCount "39"]
[GameId "2160767908411246"]
[EventDate "2017.06.06"]
[EventType "swiss"]
[EventRounds "8"]
[EventCountry "CAN"]
[SourceTitle "EXT 2022"]
[Source "ChessBase"]
[SourceDate "2021.10.06"]
[SourceVersion "1"]
[SourceVersionDate "2021.10.06"]
[SourceQuality "1"]

1. e4 e6 2. d4 d5 3. e5 c5 4. c3 Nc6 5. Nf3 cxd4 6. cxd4 Bb4+ 7. Nc3 Nge7 8. Bd3 a6 9. O-O O-O 10. Bxh7+ Kxh7 11. Ng5+ Kg8 12. Qh5 Re8 13. Qxf7+ Kh8 14. Re1 Nf5 15. Qh5+ Kg8 16. Qf7+ Kh8 17. Re3 Nxe3 18. Qh5+ Kg8 19. Qh7+ Kf8 20. Qh8+ 1-0

[Event "Winnipeg op"]
[Site "Winnipeg CAN"]
[Date "2017.06.13"]
[Round "2"]
[White "Stark, Jamie"]
[Black "Remillard, John"]
[Result "0-1"]
[WhiteElo "1213"]
[BlackElo "1636"]
[WhiteFideId "-1"]
[WhiteFideId "-1"]
[PlyCount "56"]
[GameId "2160767908411247"]
[EventDate "2017.06.06"]
[EventType "swiss"]
[EventRounds "8"]
[EventCountry "CAN"]
[SourceTitle "EXT 2022"]
[Source "ChessBase"]
[SourceDate "2021.10.06"]
[SourceVersion "1"]
[SourceVersionDate "2021.10.06"]
[SourceQuality "1"]

1. e4 c5 2. Nf3 a6 3. d4 e6 4. Nc3 Qc7 5. Bc4 cxd4 6. Qxd4 Nc6 7. Qd1 Bb4 8. Bd2 Nf6 9. Ng5 O-O 10. O-O Bd6 11. Nf3 Ne5 12. Nxe5 Bxe5 13. g3 Qxc4 14. Qf3 Bxc3 15. Bxc3 Qxe4 16. Qd1 Nd5 17. Re1 Qg6 18. Bd4 b5 19. Bc5 Re8 20. Qf3 Bb7 21. Rac1 Bc6 22. Qb3 Nf4 23. Qb4 Nh3+ 24. Kf1 Qf5 25. Qh4 Ng5 26. Be3 Nf3 27. Qf4 Nxh2+ 28. Kg1 Qh3 0-1

[Event "Winnipeg op"]
[Site "Winnipeg CAN"]
[Date "2017.06.13"]
[Round "2"]
[White "Wiebe, Isaac"]
[Black "Schulz, Waldemar"]
[Result "1-0"]
[WhiteElo "2235"]
[BlackElo "2011"]
[WhiteFideId "-1"]
[WhiteFideId "-1"]
[PlyCount "67"]
[GameId "2160767908411248"]
[EventDate "2017.06.06"]
[EventType "swiss"]
[EventRounds "8"]
[EventCountry "CAN"]
[SourceTitle "EXT 2022"]
[Source "ChessBase"]
[SourceDate "2021.10.06"]
[SourceVersion "1"]
[SourceVersionDate "2021.10.06"]
[SourceQuality "1"]

1. e4 c5 2. Nf3 e6 3. Nc3 d6 4. d4 cxd4 5. Nxd4 Nf6 6. Bc4 Be7 7. Be3 O-O 8. Bb3 Nc6 9. Qe2 a6 10. O-O-O Qc7 11. Rhg1 b5 12. g4 b4 13. Nxc6 Qxc6 14. Nd5 Nxd5 15. exd5 Qc7 16. dxe6 Bxe6 17. Bf4 Bxb3 18. axb3 Rfd8 19. Rge1 Bf8 20. Qc4 Qxc4 21. bxc4 Rac8 22. b3 f6 23. Rd5 Rc6 24. Red1 Kf7 25. Bd2 Rb8 26. Bf4 Rd8 27. Ra5 Be7 28. Rdd5 Ke6 29. Bd2 Rb8 30. Ra4 Rc5 31. Rxc5 dxc5 32. Rxa6+ Ke5 33. f4+ Kd4 34. Re6 1-0

[Event "Winnipeg op"]
[Site "Winnipeg CAN"]
[Date "2017.06.20"]
[Round "3"]
[White "Babb, Jeff"]
[Black "Hemphill, Jim"]
[Result "1-0"]
[WhiteElo "2120"]
[BlackElo "1762"]
[WhiteFideId "-1"]
[WhiteFideId "-1"]
[PlyCount "41"]
[GameId "2160767908411250"]
[EventDate "2017.06.06"]
[EventType "swiss"]
[EventRounds "8"]
[EventCountry "CAN"]
[SourceTitle "EXT 2022"]
[Source "ChessBase"]
[SourceDate "2021.10.06"]
[SourceVersion "1"]
[SourceVersionDate "2021.10.06"]
[SourceQuality "1"]

1. f4 g6 2. Nf3 Bg7 3. g3 b6 4. Bg2 Bb7 5. O-O d6 6. c3 e6 7. d3 Ne7 8. e4 Nd7 9. Na3 O-O 10. g4 Nf6 11. h3 h5 12. Ng5 e5 13. f5 hxg4 14. hxg4 Ne8 15. Qf3 Bf6 16. Nh3 gxf5 17. gxf5 d5 18. Bh6 Ng7 19. Qg3 Kh8 20. Bxg7+ Bxg7 21. Qh4+ 1-0

[Event "Winnipeg op"]
[Site "Winnipeg CAN"]
[Date "2017.06.20"]
[Round "3"]
[White "Baron, Gustav"]
[Black "Wiebe, Isaac"]
[Result "1/2-1/2"]
[WhiteElo "2151"]
[BlackElo "2235"]
[WhiteFideId "-1"]
[WhiteFideId "-1"]
[PlyCount "40"]
[GameId "2160767908411251"]
[EventDate "2017.06.06"]
[EventType "swiss"]
[EventRounds "8"]
[EventCountry "CAN"]
[SourceTitle "EXT 2022"]
[Source "ChessBase"]
[SourceDate "2021.10.06"]
[SourceVersion "1"]
[SourceVersionDate "2021.10.06"]
[SourceQuality "1"]

1. d4 d5 2. c4 Nc6 3. Nf3 Bg4 4. cxd5 Bxf3 5. dxc6 Bxc6 6. Nc3 Nf6 7. Bg5 e6 8. e3 Be7 9. Rc1 O-O 10. Bd3 h6 11. Bh4 Nd5 12. Bxe7 Qxe7 13. O-O Nxc3 14. Rxc3 e5 15. d5 Bxd5 16. Bh7+ Kxh7 17. Qxd5 c6 18. Qe4+ f5 19. Qa4 Rf6 20. Rd3 Rd6 1/2-1/2

[Event "Winnipeg op"]
[Site "Winnipeg CAN"]
[Date "2017.06.20"]
[Round "3"]
[White "Beach, Brock"]
[Black "Bince, Rolando"]
[Result "1-0"]
[WhiteElo "1869"]
[BlackElo "2051"]
[WhiteFideId "-1"]
[WhiteFideId "-1"]
[PlyCount "83"]
[GameId "2160767908411252"]
[EventDate "2017.06.06"]
[EventType "swiss"]
[EventRounds "8"]
[EventCountry "CAN"]
[SourceTitle "EXT 2022"]
[Source "ChessBase"]
[SourceDate "2021.10.06"]
[SourceVersion "1"]
[SourceVersionDate "2021.10.06"]
[SourceQuality "1"]

1. d4 c5 2. d5 d6 3. c4 e5 4. e4 f5 5. exf5 Bxf5 6. Bd3 e4 7. Bc2 Nf6 8. Nc3 Nbd7 9. Bf4 Be7 10. Nge2 O-O 11. O-O Nh5 12. Bg3 Ne5 13. Bxe5 dxe5 14. Bxe4 Bxe4 15. Nxe4 Bd6 16. N2g3 Nf4 17. Qg4 g6 18. Nxd6 Qxd6 19. Ne4 Qb6 20. b3 Rf5 21. Ng3 h5 22. Qd1 Rg5 23. Kh1 Rf8 24. Rg1 h4 25. Ne4 Rgf5 26. Qg4 Nd3 27. Rgf1 Qd8 28. f3 Kg7 29. Rad1 Rf4 30. Qg5 Qb8 31. Rxd3 Rxe4 32. Qe7+ Kh6 33. d6 Rd4 34. Rxd4 exd4 35. Qxh4+ Kg7 36. Qe7+ Rf7 37. Qe5+ Rf6 38. Qxc5 Rxd6 39. Qe5+ Kf7 40. c5 Rd8 41. Qxb8 Rxb8 42. Re1 1-0

[Event "Winnipeg op"]
[Site "Winnipeg CAN"]
[Date "2017.06.20"]
[Round "3"]
[White "Boron, Anthony"]
[Black "Nones, Teodulfo II"]
[Result "0-1"]
[WhiteElo "2058"]
[BlackElo "2281"]
[WhiteFideId "-1"]
[WhiteFideId "-1"]
[PlyCount "92"]
[GameId "2160767908411253"]
[EventDate "2017.06.06"]
[EventType "swiss"]
[EventRounds "8"]
[EventCountry "CAN"]
[SourceTitle "EXT 2022"]
[Source "ChessBase"]
[SourceDate "2021.10.06"]
[SourceVersion "1"]
[SourceVersionDate "2021.10.06"]
[SourceQuality "1"]

1. g3 d5 2. Bg2 Nf6 3. d3 c6 4. Nd2 e5 5. e4 dxe4 6. dxe4 Be6 7. Ngf3 Nbd7 8. O-O h6 9. Qe2 Qc7 10. b3 Be7 11. Bb2 O-O 12. Nc4 Bxc4 13. Qxc4 Rfe8 14. a4 Bf8 15. Nh4 a6 16. a5 g6 17. Kh1 Bg7 18. f4 exf4 19. gxf4 b5 20. axb6 Nxb6 21. Qc3 Nh5 22. e5 Rac8 23. Qc5 Nd5 24. Ra4 Ndxf4 25. Raxf4 Nxf4 26. Rxf4 g5 27. Nf5 gxf4 28. Nxg7 Kxg7 29. e6+ f6 30. Qf5 Qe7 31. Bh3 Rcd8 32. Qxf4 Rd1+ 33. Kg2 Rd5 34. Kf1 Red8 35. Bc1 Rg5 36. Bb2 Rdd5 37. Bc3 Rd1+ 38. Ke2 Rd6 39. Qc4 Qb7 40. Bxf6+ Kxf6 41. Qf4+ Kg7 42. Qxd6 Qb5+ 43. Ke3 Qe5+ 44. Qxe5+ Rxe5+ 45. Kf4 Kf6 46. Bf1 Rf5+ 0-1

[Event "Winnipeg op"]
[Site "Winnipeg CAN"]
[Date "2017.06.20"]
[Round "3"]
[White "Czarny, Keith"]
[Black "Schulz, Waldemar"]
[Result "0-1"]
[WhiteElo "1664"]
[BlackElo "2011"]
[WhiteFideId "-1"]
[WhiteFideId "-1"]
[PlyCount "70"]
[GameId "2160767908411254"]
[EventDate "2017.06.06"]
[EventType "swiss"]
[EventRounds "8"]
[EventCountry "CAN"]
[SourceTitle "EXT 2022"]
[Source "ChessBase"]
[SourceDate "2021.10.06"]
[SourceVersion "1"]
[SourceVersionDate "2021.10.06"]
[SourceQuality "1"]

1. c4 Nf6 2. Nc3 d5 3. cxd5 Nxd5 4. Nxd5 Qxd5 5. Nf3 c5 6. g3 g6 7. Bg2 Bg7 8. O-O O-O 9. d3 Na6 10. Ng5 Qd7 11. Qb3 Rb8 12. Bf4 e5 13. Be3 b6 14. Rac1 Bb7 15. Ne4 Nb4 16. a3 Nd5 17. Bd2 Ne7 18. Qd1 Rfd8 19. b4 cxb4 20. Bxb4 Nf5 21. Rc2 Nd4 22. Rc1 Bd5 23. Nc3 Bxg2 24. Kxg2 Rbc8 25. Na2 Qd5+ 26. e4 Qxa2 27. Qg4 Qe6 28. Rxc8 Rxc8 29. Qd1 Rc2 30. Bd2 Qc6 31. Be3 Nf5 32. Qf3 Nxe3+ 33. Qxe3 Bf8 34. d4 Rc3 35. Qd2 Qxe4+ 0-1

[Event "Winnipeg op"]
[Site "Winnipeg CAN"]
[Date "2017.06.20"]
[Round "3"]
[White "Einarsson, Ken"]
[Black "Furda, Evheniya Diana"]
[Result "1/2-1/2"]
[WhiteElo "1777"]
[BlackElo "1580"]
[WhiteFideId "-1"]
[WhiteFideId "-1"]
[PlyCount "107"]
[GameId "2160767908411255"]
[EventDate "2017.06.06"]
[EventType "swiss"]
[EventRounds "8"]
[EventCountry "CAN"]
[SourceTitle "EXT 2022"]
[Source "ChessBase"]
[SourceDate "2021.10.06"]
[SourceVersion "1"]
[SourceVersionDate "2021.10.06"]
[SourceQuality "1"]

1. d4 Nf6 2. c4 g6 3. Nc3 Bg7 4. e4 d6 5. Nf3 Nbd7 6. Be2 O-O 7. O-O Re8 8. Bg5 e5 9. d5 Nc5 10. b4 Ncd7 11. Rc1 a5 12. a3 axb4 13. axb4 Nb6 14. Ra1 Rxa1 15. Qxa1 c6 16. dxc6 bxc6 17. c5 dxc5 18. bxc5 Nbd7 19. Rd1 Qc7 20. Qa3 Nf8 21. Rd6 Ne6 22. Bh4 Nd4 23. Bxf6 Bf8 24. Bxe5 Nxf3+ 25. Bxf3 Rxe5 26. Rd1 Bxc5 27. Qb3 Be6 28. Qc2 Qb6 29. Na4 Bb3 30. Nxb6 Bxc2 31. Rd8+ Kg7 32. Nd7 Rg5 33. h4 Be7 34. Rc8 Rb5 35. Rxc6 Ba4 36. Rb6 Bxh4 37. Rxb5 Bxb5 38. Nc5 Bc6 39. Kf1 Kf6 40. Ke2 Ke5 41. Ke3 Bd8 42. Nd3+ Ke6 43. Bg4+ Kd6 44. e5+ Ke7 45. g3 Bb6+ 46. Ke2 Bb5 47. f4 Bg1 48. Kd2 Bxd3 49. Kxd3 Bh2 50. Ke4 Bxg3 51. Bh3 f6 52. exf6+ Kxf6 53. Bc8 g5 54. fxg5+ 1/2-1/2

[Event "Winnipeg op"]
[Site "Winnipeg CAN"]
[Date "2017.06.20"]
[Round "3"]
[White "Evans, Jason"]
[Black "Green, Jim"]
[Result "1/2-1/2"]
[WhiteElo "1619"]
[BlackElo "1884"]
[WhiteFideId "-1"]
[WhiteFideId "-1"]
[PlyCount "42"]
[GameId "2160767908411257"]
[EventDate "2017.06.06"]
[EventType "swiss"]
[EventRounds "8"]
[EventCountry "CAN"]
[SourceTitle "EXT 2022"]
[Source "ChessBase"]
[SourceDate "2021.10.06"]
[SourceVersion "1"]
[SourceVersionDate "2021.10.06"]
[SourceQuality "1"]

1. e4 e5 2. Nf3 Nf6 3. Nxe5 d6 4. Nf3 Nxe4 5. Nc3 Nxc3 6. dxc3 Be7 7. Be3 O-O 8. Qd2 c5 9. O-O-O Nd7 10. Bg5 Bxg5 11. Nxg5 Ne5 12. Ne4 Bg4 13. f3 Nxf3 14. gxf3 Bxf3 15. Bg2 Bxd1 16. Rxd1 Qh4 17. Bf3 Rad8 18. Rg1 Qe7 19. Qh6 f6 20. Nf2 Kh8 21. Qf4 Qe5 1/2-1/2

[Event "Winnipeg op"]
[Site "Winnipeg CAN"]
[Date "2017.06.20"]
[Round "3"]
[White "Gannon, Keith"]
[Black "Piche, Jeremie"]
[Result "0-1"]
[WhiteElo "1618"]
[BlackElo "1686"]
[WhiteFideId "-1"]
[WhiteFideId "-1"]
[PlyCount "76"]
[GameId "2160767908411258"]
[EventDate "2017.06.06"]
[EventType "swiss"]
[EventRounds "8"]
[EventCountry "CAN"]
[SourceTitle "EXT 2022"]
[Source "ChessBase"]
[SourceDate "2021.10.06"]
[SourceVersion "1"]
[SourceVersionDate "2021.10.06"]
[SourceQuality "1"]

1. e4 c5 2. d3 Nc6 3. Nf3 Nf6 4. Nc3 g6 5. Be2 Bg7 6. O-O O-O 7. Re1 Rb8 8. a4 d5 9. Bf4 Ra8 10. exd5 Nxd5 11. Nxd5 Qxd5 12. c3 Bf5 13. h3 Rad8 14. c4 Qd7 15. Qb3 b6 16. Rad1 Nd4 17. Nxd4 Qxd4 18. Bc1 Qh4 19. Bf3 Bd4 20. Be3 g5 21. Bxd4 Rxd4 22. Re5 e6 23. Qc2 Kh8 24. b3 g4 25. Bxg4 Bxg4 26. hxg4 Rxg4 27. g3 Qh3 28. Re4 Rd8 29. Qc3+ Rd4 30. Rxg4 Qxg4 31. Re1 Qf3 32. b4 Qxd3 33. Qxd3 Rxd3 34. bxc5 bxc5 35. Re5 Ra3 36. Rxc5 Rxa4 37. Rc8+ Kg7 38. c5 Kf6 0-1

[Event "Winnipeg op"]
[Site "Winnipeg CAN"]
[Date "2017.06.20"]
[Round "3"]
[White "Goodman, Clifford"]
[Black "Khedkar, Jay"]
[Result "0-1"]
[WhiteElo "1667"]
[BlackElo "2027"]
[WhiteFideId "-1"]
[WhiteFideId "-1"]
[PlyCount "59"]
[GameId "2160767908411259"]
[EventDate "2017.06.06"]
[EventType "swiss"]
[EventRounds "8"]
[EventCountry "CAN"]
[SourceTitle "EXT 2022"]
[Source "ChessBase"]
[SourceDate "2021.10.06"]
[SourceVersion "1"]
[SourceVersionDate "2021.10.06"]
[SourceQuality "1"]

1. d4 Nf6 2. c4 e6 3. Nf3 b6 4. g3 Bb7 5. Bg2 d5 6. O-O Be7 7. Qc2 O-O 8. a4 Nc6 9. Bd2 Ne4 10. cxd5 exd5 11. Rc1 Bd6 12. b4 Nxd2 13. Nfxd2 Nxd4 14. Qd3 Be5 15. Nc3 c5 16. bxc5 bxc5 17. Rab1 Bc6 18. e3 c4 19. Qf1 Nb3 20. Nxb3 cxb3 21. Rxb3 Qa5 22. Nb5 Qxa4 23. Rcb1 Rad8 24. Ra3 Bxb5 25. Rxa4 Bxf1 26. Bxf1 d4 27. exd4 Bxd4 28. Rb7 Bb6 29. Bc4 Rd2 30. Bxf7+ 0-1

[Event "Winnipeg op"]
[Site "Winnipeg CAN"]
[Date "2017.06.20"]
[Round "3"]
[White "Jenkins, Mark"]
[Black "Prince, Colin"]
[Result "0-1"]
[WhiteElo "1409"]
[BlackElo "1863"]
[WhiteFideId "-1"]
[WhiteFideId "-1"]
[PlyCount "77"]
[GameId "2160767908411260"]
[EventDate "2017.06.06"]
[EventType "swiss"]
[EventRounds "8"]
[EventCountry "CAN"]
[SourceTitle "EXT 2022"]
[Source "ChessBase"]
[SourceDate "2021.10.06"]
[SourceVersion "1"]
[SourceVersionDate "2021.10.06"]
[SourceQuality "1"]

1. d4 Nf6 2. c4 g6 3. Nc3 Bg7 4. Nf3 d5 5. e3 c6 6. Be2 Nbd7 7. O-O O-O 8. Qb3 dxc4 9. Bxc4 b5 10. Bd3 a5 11. Bd2 Bb7 12. Qc2 Re8 13. Rfd1 e5 14. Ne4 Nxe4 15. Bxe4 Rc8 16. dxe5 Nxe5 17. Bc3 Qc7 18. b3 f5 19. Bxe5 Bxe5 20. Nxe5 Qxe5 21. Bf3 g5 22. g3 g4 23. Bg2 Re7 24. Rac1 c5 25. Bxb7 Rxb7 26. Rd2 c4 27. Rcd1 Qe6 28. Rd6 cxb3 29. Qxc8+ Qxc8 30. Rd8+ Qxd8 31. Rxd8+ Kg7 32. axb3 Ra7 33. Rd5 a4 34. bxa4 bxa4 35. Kf1 a3 36. Rd1 a2 37. Ra1 Kf7 38. Ke2 Ke6 39. Kd3 0-1

[Event "Winnipeg op"]
[Site "Winnipeg CAN"]
[Date "2017.06.20"]
[Round "3"]
[White "Magyar, Peter"]
[Black "Stark, Jamie"]
[Result "1-0"]
[WhiteElo "1559"]
[BlackElo "1213"]
[WhiteFideId "-1"]
[WhiteFideId "-1"]
[PlyCount "49"]
[GameId "2160767908411261"]
[EventDate "2017.06.06"]
[EventType "swiss"]
[EventRounds "8"]
[EventCountry "CAN"]
[SourceTitle "EXT 2022"]
[Source "ChessBase"]
[SourceDate "2021.10.06"]
[SourceVersion "1"]
[SourceVersionDate "2021.10.06"]
[SourceQuality "1"]

1. d4 d5 2. Bf4 g6 3. Nf3 Bg7 4. e3 Bg4 5. Nbd2 Nc6 6. c3 Nf6 7. h3 Bxf3 8. Nxf3 Ne4 9. Be2 Qd7 10. O-O O-O-O 11. Rc1 Na5 12. Nd2 Nxd2 13. Qxd2 Qc6 14. c4 Nxc4 15. Bxc4 dxc4 16. b3 Rhe8 17. Rxc4 Qd5 18. Rxc7+ Kb8 19. Rc5+ e5 20. Rxd5 Rxd5 21. Bh2 Ka8 22. Re1 Bh6 23. Qc2 exd4 24. Rd1 Bg7 25. Bf4 1-0

[Event "Winnipeg op"]
[Site "Winnipeg CAN"]
[Date "2017.06.20"]
[Round "3"]
[White "Piche, Zachary"]
[Black "Letain, Cory"]
[Result "0-1"]
[WhiteElo "1456"]
[BlackElo "1632"]
[WhiteFideId "-1"]
[WhiteFideId "-1"]
[PlyCount "50"]
[GameId "2160767908411262"]
[EventDate "2017.06.06"]
[EventType "swiss"]
[EventRounds "8"]
[EventCountry "CAN"]
[SourceTitle "EXT 2022"]
[Source "ChessBase"]
[SourceDate "2021.10.06"]
[SourceVersion "1"]
[SourceVersionDate "2021.10.06"]
[SourceQuality "1"]

1. d4 Nf6 2. c4 g6 3. g3 Bg7 4. Bg2 O-O 5. Nc3 d6 6. e4 c6 7. Bf4 Qa5 8. Nge2 Rd8 9. O-O e5 10. Be3 Ng4 11. Bg5 f6 12. Bd2 exd4 13. Nxd4 Qb6 14. Nc2 Ne5 15. Qe2 Bg4 16. Be3 Qxb2 17. Qe1 Qxc2 18. h3 Nd3 19. Qd2 Qxd2 20. Bxd2 Be6 21. Rab1 Bxc4 22. Rxb7 Nc5 23. Rb4 Bxf1 24. Bxf1 Kf8 25. Bc4 Nbd7 0-1

[Event "Winnipeg op"]
[Site "Winnipeg CAN"]
[Date "2017.06.20"]
[Round "3"]
[White "Swift, Ryne"]
[Black "Leaden, Bruce"]
[Result "1-0"]
[WhiteElo "1927"]
[BlackElo "1427"]
[WhiteFideId "-1"]
[WhiteFideId "-1"]
[PlyCount "71"]
[GameId "2160767908411264"]
[EventDate "2017.06.06"]
[EventType "swiss"]
[EventRounds "8"]
[EventCountry "CAN"]
[SourceTitle "EXT 2022"]
[Source "ChessBase"]
[SourceDate "2021.10.06"]
[SourceVersion "1"]
[SourceVersionDate "2021.10.06"]
[SourceQuality "1"]

1. e4 e6 2. d4 d5 3. e5 c5 4. c3 Nc6 5. Nf3 Bd7 6. Be3 Nge7 7. Bd3 cxd4 8. Bxd4 Nxd4 9. cxd4 Nc6 10. Qd2 Qb6 11. Be2 Be7 12. Nc3 O-O 13. O-O Rac8 14. Rfc1 f6 15. exf6 Bxf6 16. Na4 Qb4 17. Qxb4 Nxb4 18. Nc5 Rc7 19. a3 Nc6 20. Bb5 Bxd4 21. Nxd7 Rxf3 22. gxf3 Bxb2 23. Bxc6 bxc6 24. Nc5 Bxa1 25. Rxa1 Kf7 26. Re1 Re7 27. f4 Kf6 28. Kg2 Kf5 29. Nd3 Rb7 30. Re5+ Kf6 31. Nc5 Re7 32. Kf3 h6 33. a4 g5 34. h4 gxh4 35. Kg4 Re8 36. Kxh4 1-0

[Event "Winnipeg op"]
[Site "Winnipeg CAN"]
[Date "2017.06.20"]
[Round "3"]
[White "Trueman, Francis"]
[Black "Mandusic, Ante"]
[Result "1-0"]
[WhiteElo "1424"]
[BlackElo "1200"]
[WhiteFideId "-1"]
[WhiteFideId "-1"]
[PlyCount "103"]
[GameId "2160767908411265"]
[EventDate "2017.06.06"]
[EventType "swiss"]
[EventRounds "8"]
[EventCountry "CAN"]
[SourceTitle "EXT 2022"]
[Source "ChessBase"]
[SourceDate "2021.10.06"]
[SourceVersion "1"]
[SourceVersionDate "2021.10.06"]
[SourceQuality "1"]

1. e4 e5 2. Nf3 d6 3. d3 Nf6 4. Nbd2 Nc6 5. g3 g6 6. Bg2 Bg7 7. O-O O-O 8. Re1 Bd7 9. Qe2 b5 10. c3 a5 11. a3 a4 12. Nf1 Be6 13. d4 Bc4 14. Qc2 Bxf1 15. Kxf1 exd4 16. cxd4 Re8 17. Qxc6 Rb8 18. Bf4 Rb6 19. Qc2 c6 20. Rad1 Re7 21. Bd2 Qd7 22. e5 Nd5 23. exd6 Rxe1+ 24. Rxe1 Qxd6 25. Re8+ Bf8 26. Bh6 Rb8 27. Bxf8 Qxf8 28. Rxf8+ Rxf8 29. Qxc6 Ne7 30. Qxb5 Ra8 31. Ne5 Rd8 32. Qc4 Rf8 33. Bd5 Nxd5 34. Qxd5 Kg7 35. b4 axb3 36. Qxb3 h6 37. Qc3 f6 38. Nd7 Rf7 39. Nc5 g5 40. a4 Kg6 41. a5 Re7 42. g4 h5 43. gxh5+ Kxh5 44. Qf3+ Kg6 45. d5 Re5 46. a6 f5 47. a7 g4 48. Qg3 Kg5 49. Qxe5 Kh4 50. a8=Q Kg5 51. Ne4+ Kh4 52. Qah8# 1-0

[Event "Winnipeg op"]
[Site "Winnipeg CAN"]
[Date "2017.06.20"]
[Round "3"]
[White "Wolchock, Theo"]
[Black "Reimer, Bruce"]
[Result "1-0"]
[WhiteElo "2103"]
[BlackElo "1692"]
[WhiteFideId "-1"]
[WhiteFideId "-1"]
[PlyCount "75"]
[GameId "2160767908411266"]
[EventDate "2017.06.06"]
[EventType "swiss"]
[EventRounds "8"]
[EventCountry "CAN"]
[SourceTitle "EXT 2022"]
[Source "ChessBase"]
[SourceDate "2021.10.06"]
[SourceVersion "1"]
[SourceVersionDate "2021.10.06"]
[SourceQuality "1"]

1. c4 e5 2. g3 Nc6 3. Nc3 f5 4. Bg2 Nf6 5. d3 Bc5 6. e3 O-O 7. Nge2 a6 8. O-O Ba7 9. d4 exd4 10. exd4 d6 11. h3 Bd7 12. Be3 Kh8 13. Qd2 Rb8 14. Rac1 Ne7 15. Nf4 c6 16. a4 Qe8 17. b4 Ng6 18. Rfe1 Qf7 19. Nxg6+ Qxg6 20. Bf4 Nh5 21. Re7 Rbd8 22. Re2 Rde8 23. Rce1 Rxe2 24. Nxe2 Re8 25. Bf3 Nxf4 26. Nxf4 Rxe1+ 27. Qxe1 Qf6 28. d5 Qg5 29. Kg2 Qf6 30. dxc6 bxc6 31. b5 cxb5 32. cxb5 axb5 33. Qa5 Bb8 34. Qb6 Qf8 35. a5 g5 36. Nh5 g4 37. Qd4+ Kg8 38. Bd5+ 1-0

[Event "Winnipeg op"]
[Site "Winnipeg CAN"]
[Date "2017.06.27"]
[Round "4"]
[White "Bince, Rolando"]
[Black "Trueman, Francis"]
[Result "1-0"]
[WhiteElo "2051"]
[BlackElo "1424"]
[WhiteFideId "-1"]
[WhiteFideId "-1"]
[PlyCount "73"]
[GameId "2160767908411267"]
[EventDate "2017.06.06"]
[EventType "swiss"]
[EventRounds "8"]
[EventCountry "CAN"]
[SourceTitle "EXT 2022"]
[Source "ChessBase"]
[SourceDate "2021.10.06"]
[SourceVersion "1"]
[SourceVersionDate "2021.10.06"]
[SourceQuality "1"]

1. d4 Nf6 2. c4 d6 3. Nc3 Nbd7 4. e4 e5 5. Nf3 g6 6. dxe5 dxe5 7. Bg5 Bg7 8. Nd5 O-O 9. Qc2 c6 10. Nc3 Qc7 11. h3 a5 12. a4 Nc5 13. Be2 h5 14. O-O Ne6 15. Be3 Nh7 16. Nh4 Bf6 17. Nf3 g5 18. Nh2 Nf4 19. Bxf4 gxf4 20. Bxh5 Kh8 21. Kh1 Rg8 22. Bg4 Bxg4 23. Nxg4 Bg5 24. Rad1 Nf6 25. Nxf6 Bxf6 26. Qe2 Rg7 27. Qh5+ Rh7 28. Qf5 Bh4 29. Rd7 Qc8 30. Qxe5+ Kg8 31. Rfd1 Qf8 32. Qxf4 Qc5 33. g3 Bg5 34. Qf5 Qxf5 35. exf5 Rxh3+ 36. Kg2 Rh5 37. Ne4 1-0

[Event "Winnipeg op"]
[Site "Winnipeg CAN"]
[Date "2017.06.27"]
[Round "4"]
[White "Boron, Anthony"]
[Black "Beach, Brock"]
[Result "1/2-1/2"]
[WhiteElo "2058"]
[BlackElo "1869"]
[WhiteFideId "-1"]
[WhiteFideId "-1"]
[PlyCount "47"]
[GameId "2160767908411268"]
[EventDate "2017.06.06"]
[EventType "swiss"]
[EventRounds "8"]
[EventCountry "CAN"]
[SourceTitle "EXT 2022"]
[Source "ChessBase"]
[SourceDate "2021.10.06"]
[SourceVersion "1"]
[SourceVersionDate "2021.10.06"]
[SourceQuality "1"]

1. c4 Nf6 2. g3 g6 3. Nc3 Bg7 4. Bg2 O-O 5. e4 d6 6. Nge2 c5 7. O-O Nc6 8. d3 Nd4 9. Nxd4 cxd4 10. Ne2 e5 11. b4 a5 12. b5 b6 13. Ba3 Re8 14. h3 g5 15. Kh2 h5 16. f4 g4 17. h4 Nh7 18. Bc1 f6 19. Bd2 Be6 20. Qc1 Qe7 21. Qc2 Rf8 22. Bc1 Rac8 23. Ba3 Kh8 24. f5 1/2-1/2